000 00639nam a2200217 a 4500
005 20210223124108.0
008 010518s1998 es r 000 0 spa d
020 _a8420629355
035 _aUPN01000106465
049 _aCG
050 4 _aDP75
_bG3.4
100 1 _aGarcía Cárcel, Ricardo
245 1 3 _aLa leyenda negra :
_bhistoria y opinión /
_cRicardo García Cárcel.
260 _aMadrid :
_bAlianza,
_c1998.
300 _a346 p.
440 3 _aEl libro universitario
440 0 _aHistoria y geografía.
_pEnsayo ;
_v71
651 4 _aESPAÑA -
_xHISTORIA
_914368
650 4 _aLEYENDA NEGRA (HISTORIA ESPAÑOLA)
905 _aLibro
999 _c80377
_d80377